000 00383nam a2200145Ia 4500
008 211109s9999||||xx |||||||||||||| ||und||
082 _a894.8122
_bRAM-R
100 _aRamakrishna Pillai, K
245 0 _aRavanan
260 _bIndia Press
_aKottayam
_c1959
300 _a76p.
630 _xGeneral Stack
650 _aMALAYALAM LITERATURE
_vMALAYALAM DRAMA
_xMalayalam
942 _cBOOK
999 _c20532
_d20532